Die 10 beliebtesten Urlaubsländer - Statistiken

Allgemein
  • Dieses Quiz wurde 791 mal gespielt
  • Das Durchschnittsergebnis liegt bei 5 aus 10
Answers on the Grid
Answers color-coded by a green-red scale on the quiz's grid according to % correct below.
Frankreich
Schweiz
Spanien
Norwegen
Australien
Türkei
Indonesien
USA
Südafrika
Griechenland
Thailand
Irland
Indien
Italien
Japan
Neuseeland
Deutschland
Brasilien
Bahamas
Österreich
 
Antwortstatistiken
Antwort % Korrekt
Spanien
84%
Frankreich
76%
USA
60%
Italien
54%
Griechenland
47%
Türkei
46%
Thailand
44%
Deutschland
31%
Japan
27%
Österreich
13%
Keine übereinstimmenden Quizze gefunden
Verteilung der Resultate
Anzahl Personen mit jedem Resultat
Perzentil nach korrekt beantworteten Fragen
Ihre Resultats-Entwicklung
Sie haben dieses Quiz noch nicht gespielt